Význam kontinuální dopravy v logistice

Charakteristika dodávateľského reťazca. Zásobovacia sieť. Líniová kontinuálna doprava. Príklad ropovodu. Parametrická dopravná sieť. Príklad teplovodu. Zásobovanie z niekoľkých zdrojov. Potrubná pošta.

Guardado en:
Detalles Bibliográficos
Autor principal: Strakoš, Vladimír
Formato: Capítulo de libro
Lenguaje:checo
Materias:
Etiquetas: Agregar Etiqueta
Sin Etiquetas, Sea el primero en etiquetar este registro!

MARC

LEADER 00000naa a2200000 4500
001 0198902
005 20231211081046.9
041 0 |a cze 
044 |a CZ 
245 1 0 |a Význam kontinuální dopravy v logistice  |c Vladimír Strakoš 
520 |a Charakteristika dodávateľského reťazca. Zásobovacia sieť. Líniová kontinuálna doprava. Príklad ropovodu. Parametrická dopravná sieť. Príklad teplovodu. Zásobovanie z niekoľkých zdrojov. Potrubná pošta. 
610 2 0 |a logistika 
610 2 0 |a doprava 
610 2 0 |a reťazce dodávateľsko-odberateľské 
610 2 0 |a siete dopravné 
610 2 0 |a zásobovanie 
610 2 0 |a ropovody 
610 2 0 |a teplo 
610 2 0 |a energia elektrická 
610 2 0 |a potrubie 
100 1 |a Strakoš, Vladimír